Project Runway Season 10 - Statistics

General Stats
  • This quiz has been taken 120 times
  • The average score is 14 of 16
Answer Stats
Place Finished Designer % Correct
9th place Alicia Hardesty
100%
14th place Andrea Katz
100%
16th place Beatrice Guapo
100%
12th place Buffi Jashanmal
100%
4th place Christopher Palu
100%
Winner Dmitry Sholokhov
100%
6th place Elena Slivnyak
100%
Runner Up Fabio Costa
100%
8th place Gunnar Deatherage
100%
15th place Lantie Foster
100%
3rd place Melissa Fleis
100%
13th place Kooan Kosuke
75%
11th place Raul Osorio
75%
7th place Ven Budhu
75%
10th place Nathan Paul
50%
5th place Sonjia Williams
50%
No matching quizzes found
Score Distribution
Percent of People with Each Score
Percentile by Number Answered
Your Score History
You have not taken this quiz